000 00472nam a2200169Ia 4500
005 20241105083141.0
008 240126s9999 xx 000 0 und d
020 _a9788181476418
082 _a001.6424JAV MCG;1
100 _aMcGovern, James. Tyagi, Sameer. Stevens, Michael E ...[et al.]
245 0 _aJava web services architecture
260 _bElsevier
_aAmsterdam
_c2003
300 _axxii, 833
440 _aNULL
650 _aJava,architecture
942 _cPU
999 _c282493
_d282493